Flags of Europe Chain Game #1 - Statistics

General Stats
  • This quiz has been taken 4,258 times
  • The average score is 11 of 12
Answer Stats
Hint Answer % Correct
HTML tutorial Russia
100%
HTML tutorial Austria
97%
HTML tutorial Iceland
97%
HTML tutorial Greece
94%
HTML tutorial Serbia
94%
HTML tutorial Croatia
93%
HTML tutorial Estonia
93%
HTML tutorial Germany
93%
HTML tutorial Albania
92%
HTML tutorial Bulgaria
90%
HTML tutorial Liechtenstein
86%
Belarus
85%
No matching quizzes found
Score Distribution
Percent of People with Each Score
Percentile by Number Answered
Your Score History
You have not taken this quiz